OPAC Home

නාථකරණ ධර්ම (Record no. 128774)

MARC details
000 -LEADER
fixed length control field 00460nam a2200181Ia 4500
003 - CONTROL NUMBER IDENTIFIER
control field LK-CoDNM
008 - FIXED-LENGTH DATA ELEMENTS--GENERAL INFORMATION
fixed length control field 010623t2009 xxu||||| |||| 00| 1 sin d
040 ## - CATALOGING SOURCE
Original cataloging agency LK-CoDNM
Modifying agency LK-CoDNM
Description conventions LK-CoDNM
041 ## - LANGUAGE CODE
Language code of text/sound track or separate title Sinhala; Sinhalese
080 ## - UNIVERSAL DECIMAL CLASSIFICATION NUMBER
Universal Decimal Classification number 294.3 PAN
942 ## - ADDED ENTRY ELEMENTS (KOHA)
Koha item type Books
100 ## - MAIN ENTRY--PERSONAL NAME
Personal name Ganegoda,Deshani
700 ## - ADDED ENTRY--PERSONAL NAME
Personal name Pangansiri,Mirahawaththe
245 ## - TITLE STATEMENT
Title නාථකරණ ධර්ම
246 ## - VARYING FORM OF TITLE
Title proper/short title Nathakarana Dharma
260 ## - PUBLICATION, DISTRIBUTION, ETC. (IMPRINT)
Name of publisher, distributor, etc. S.n
Place of publication, distribution, etc. S.I
Date of publication, distribution, etc. 2009
300 ## - PHYSICAL DESCRIPTION
Other physical details 63, 21 cm
Holdings
Withdrawn status Lost status Damaged status Not for loan Collection code Permanent Location Current Location Date acquired Full call number Barcode Koha item type
        Monographs Library National Museum Colombo - Sri Lanka Library National Museum Colombo - Sri Lanka 2023-08-02 294.3 PAN P35210 Books
Copyright © 2023 Department of National Museum, Colombo 07, Sri Lanka Funded by UNESCO IFAP UNESCO